000 00909pam a2200301 i 4500
999 _c27345
_d27345
001 1337562
003 OSt
005 20170208102330.0
008 791106s1980 nyuaf b 001 0 eng
010 _a 79024744
020 _a0195201892
020 _a0195201906 (pbk.)
040 _aDLC
_cDLC
_dDLC
043 _aa-cc---
050 0 0 _aN7340
_b.T73 1980
082 0 0 _a709/.51
100 1 _aTregear, Mary.
245 1 0 _aChinese art /
_cMary Tregear.
260 _aNew York :
_bOxford University Press,
_c1980.
300 _a216 p., [3] leaves of plates :
_bill. (some col.) ;
_c21 cm.
490 1 _aThe World of art
500 _aIncludes index.
504 _aBibliography: p. 201.
650 0 _aArt, Chinese.
830 0 _aWorld of art.
906 _a7
_bcbc
_corignew
_d1
_eocip
_f19
_gy-gencatlg
942 _2lcc
_cBOOKS
_hN 7340 .T73 1980